Online
Catalog
Normal view MARC view

Entry Nombre personal

Number of records used in: 1

001 - NÚMERO DE CONTROL

  • campo de control: 18095

003 - IDENTIFICADOR DEL NÚMERO DE CONTROL

  • campo de control: OSt

005 - FECHA Y HORA DE LA ÚLTIMA TRANSACCIÓN

  • campo de control: 20200615032626.0

008 - DATOS DE LONGITUD FIJA

  • campo de control de longitud fija: 200615|| aca||aabn | a|a d

040 ## - FUENTE DE LA CATALOGACIÓN

  • Centro catalogador/agencia de origen: OSt
  • Centro/agencia transcriptor: OSt

100 ## - ENCABEZAMIENTO-NOMBRE DE PERSONA

  • Nombre de persona: Antúnez de Mayolo, Santiago,
  • Fechas asociadas al nombre: 1887-1967.
  • Forma completa/desarrollada del nombre: (Santiago Antúnez de Mayolo Gomero)

670 ## - FUENTE DE DATOS ENCONTRADOS

  • Cita de la fuente: Work cat.: (OSt)6311: Antúnez de Mayolo, Santiago, 1887-1967. (Santiago Antúnez de Mayolo Gomero), La sublevación de los indios del Callejón de Huaylas /, 1987.

Powered by Koha